<?xml version="1.0" encoding="UTF-8"?>
<marc:record xmlns:marc="http://www.loc.gov/MARC21/slim">
   <marc:leader>00000nam a2200000 a 4500</marc:leader>
   <marc:datafield ind1="1" ind2=" " tag="100">
      <marc:subfield code="a">Berg, Ellen</marc:subfield>
      <marc:subfield code="4">aut</marc:subfield>
      <marc:subfield code="e">Verfasser/-in</marc:subfield>
   </marc:datafield>
   <marc:datafield ind1="0" ind2="0" tag="245">
      <marc:subfield code="a">Zur Hölle mit Seniorentellern!</marc:subfield>
   </marc:datafield>
   <marc:datafield ind1="0" ind2="0" tag="245">
      <marc:subfield code="b">(k)ein Rentner-Roman</marc:subfield>
   </marc:datafield>
   <marc:datafield ind1="0" ind2="0" tag="245">
      <marc:subfield code="c">Ellen Berg</marc:subfield>
   </marc:datafield>
   <marc:datafield ind1=" " ind2="1" tag="264">
      <marc:subfield code="a">Berlin</marc:subfield>
      <marc:subfield code="b">Aufbau-Taschenbuch</marc:subfield>
      <marc:subfield code="c">2014</marc:subfield>
   </marc:datafield>
   <marc:datafield ind1="1" ind2=" " tag="520">
      <marc:subfield code="a">Angaben aus der Verlagsmeldung &lt;br/&gt;&lt;br/&gt; &lt;br/&gt;&lt;br/&gt;  Zur Hölle mit Seniorentellern! : (K)ein Rentner-Roman Berg. Zur Hölle mit Seniorentellern!(TB) / von Ellen Berg &lt;br/&gt;&lt;br/&gt; &lt;br/&gt;Elisabeth ist eigentlich noch ganz fit. Doch das Leben scheint gelaufen, in schnöder Langeweile zwischen Seniorenteller und Häkeldeckchen. Dann stecken ihre Kinder sie auch noch gegen ihren Willen ins Heim. Endstation? Aber doch nicht mit Elisabeth! Denn drei Zimmer weiter wohnt dieser attraktive Mann im besten Alter. Beide träumen vom goldenen Herbst im sonnigen Süden. Ihre Kinder sind entsetzt, aber Elisabeth ist wild entschlossen. Fragt sich nur, wie sie an genügend Geld für ihre Flucht kommen. Zusammen hecken sie einen leicht kriminellen Plan aus - Rache inklusive!</marc:subfield>
   </marc:datafield>
   <marc:datafield ind1=" " ind2=" " tag="020">
      <marc:subfield code="a">9783746629803</marc:subfield>
      <marc:subfield code="9">9783746629803</marc:subfield>
   </marc:datafield>
   <marc:datafield ind1=" " ind2=" " tag="041">
      <marc:subfield code="a">ger</marc:subfield>
   </marc:datafield>
   <marc:datafield ind1="1" ind2=" " tag="521">
      <marc:subfield code="a">12</marc:subfield>
   </marc:datafield>
   <marc:datafield ind1=" " ind2=" " tag="300">
      <marc:subfield code="a">302 S.</marc:subfield>
   </marc:datafield>
</marc:record>
